00254nam a2200109Ia 4500100002500000654002600025245003600051260002600087082001100113300000800124546001200132 aSwinehart/ H.J. ed.  aCutting tool material aCutting tool material selection bAstmeaMichiganc1967 a621.93 a155 aENGLISH